Bilecik Bilecik Bilecik Bilecik Bilecik

Human rights in urban areas. (Record no. 4638)

MARC details
000 -BAŞLIK
Sabit Uzunluktaki Kontrol Alanı 01492nam a22003137a 4500
001 - KONTROL NUMARASI
Control Dosyası 0004656
003 - KONTROL NUMARASI KİMLİĞİ
Kontrol Alanı KOHA_MİRAKIL
005 - EN SON İŞLEM TARİHİ ve ZAMANI
Kontrol Alanı 20260207001420.0
007 - FİZİKSEL TANIM SABİT ALAN - GENEL BİLGİ
Sabit uzunluklu kontrol alanı ta
008 - SABİT UZUNLUKTAKİ VERİ ÖGELERİ - GENEL BİLGİ
Sabit Alan 090506b1983 fr |||gr||||#||||0|eng |
020 ## - ISBN - ULUSLARARASI STANDART KİTAP NUMARASI
Isbn 923101983X
Nitelik bilgileri (pbk.)
040 ## - KATALOGLAMA KAYNAĞI
Özgün Kataloglama Kurumu TR-BiSEU
Kataloglama Dili tur
Çeviri Kurumu TR-BiSEU
Açıklama Kuralları rda
041 0# - DİL KODU
Metin ya da ses kaydının dil kodu eng
044 ## - YAYINLAYAN/ÜRETEN KURULUŞUN ÜLKE KODU
ISO country code fr
050 ## - SINIFLAMA ve YER NUMARASI
Sınıflama Numarası JC571
Yer Numarası .H86 1983
245 0# - ESER ADI BİLDİRİMİ
Başlık Human rights in urban areas.
264 #1 - ÜRERİM, YAYIN, DAĞITIM ve TELİF BİLDİRİMİ
Yayın yeri Paris :
Yayınlayan Unesco
Yayın tarihi 1983
300 ## - FİZİKSEL TANIMLAMA
Sayfa, Cilt vb. 169 sayfa
336 ## - İÇERİK TÜRÜ
Content type term metin
Content type code txt
Source rdacontent
337 ## - MEDYA TÜRÜ
Media type term aracısız
Media type code n
Source rdamedia
338 ## - TAŞIYICI TÜRÜ
Carrier type term cilt
Carrier type code nc
Source rdacarrier
500 ## - GENEL NOT
Genel Not Papers and working documents from a symposium sponsored by Unesco and held in Paris, Dec. 8-11, 1980.
500 ## - GENEL NOT
Genel Not Kaynakça var.
505 ## - İÇİNDEKİLER NOTU
İçindekiler Notu Introduction / Jean Fernand-Laurent -- Perception and practice of human rights in a peripheral urban community / ENDA -- The fourth world and human rights / Georges de Kerchove and Henri de Soos -- The poorest of the poor in the city / Joseph Wresinski -- The African immigrant population of Paris / Tacco Ndongo -- Economic, social, and cultural problems caused by rural depopulation in Latin America / Mario Ibarra -- The Zurich ombudsman / Jacques Vontobel -- The Paris ombudsman / Michel Junot -- Three case studies / J. Brian Morgan -- Final report / Jean Fernand-Laurent.
650 #0 - KONU BAŞLIĞI EK GİRİŞ - KONU TERİMİ
Konusal terim veya coğrafi ad Civil rights--Congresses.
9 (RLIN) 11483
650 #0 - KONU BAŞLIĞI EK GİRİŞ - KONU TERİMİ
Konusal terim veya coğrafi ad Cities and towns--Congresses.
9 (RLIN) 11484
650 #0 - KONU BAŞLIĞI EK GİRİŞ - KONU TERİMİ
Konusal terim veya coğrafi ad Human rights--Congresses.
9 (RLIN) 11485
942 ## - EK GİRİŞ ÖGELERİ (KOHA)
Source of classification or shelving scheme Library of Congress Classification
Koha item type Book
Holdings
Materyal Türü Kalıcı Konum Mevcut Konum Raf Yeri Sınıflandırma Kaynağı Edinim Bilgisi Ana Konular Alt Konular Yer Numarası Demirbaş Numarası Fatura Tarihi Maliyet, Alış Fiyatı Maliyet, Yenileme Fiyatı Geri Çekilme Durumu Kayıp Durumu Hasarlı Durumu Kredi için değil Kayıt Tarih Toplam Ödünçverme Son Görülme Tarihi Son Kontrol Tarihi
Book Prof. Dr. Azmi Özcan Kütüphanesi Prof. Dr. Azmi Özcan Kütüphanesi Uluğbey Salonu Library of Congress Classification Satın SİYASET BİLİMİ Siyaset Teorisi JC571 .H86 1983 0004656 13/08/2010 2.50 2.50         06/05/2009   05/12/2024 05/12/2024